Practicals in agricultural economics (Record no. 160605)
[ view plain ]
| 000 -LEADER | |
|---|---|
| fixed length control field | 00590nam a22001817a 4500 |
| 003 - CONTROL NUMBER IDENTIFIER | |
| control field | OSt |
| 020 ## - INTERNATIONAL STANDARD BOOK NUMBER | |
| International Standard Book Number | 9789351304654 |
| 100 ## - MAIN ENTRY--PERSONAL NAME | |
| Personal name | Pawan Kumar Sharma |
| 245 ## - TITLE STATEMENT | |
| Title | Practicals in agricultural economics |
| 260 ## - PUBLICATION, DISTRIBUTION, ETC. (IMPRINT) | |
| Place of publication, distribution, etc | New Delhi |
| Name of publisher, distributor, etc | Daya Publishing House A Division of Astral International Pvt. Ltd. |
| Date of publication, distribution, etc | 2014 |
| 546 ## - LANGUAGE | |
| Language note | English |
| 700 ## - ADDED ENTRY--PERSONAL NAME | |
| Personal name | Sudhakar Dwivedi |
| 700 ## - ADDED ENTRY--PERSONAL NAME | |
| Personal name | Anil Bhat |
| 856 ## - ELECTRONIC LOCATION AND ACCESS | |
| Uniform Resource Identifier | http://www.astralebooks.com/Books/ProductDetail/9789351304654 |
| 856 ## - ELECTRONIC LOCATION AND ACCESS | |
| Uniform Resource Identifier | http://www.astralebooks.com/Books/GetEbook/9789351304654 |
| 856 ## - ELECTRONIC LOCATION AND ACCESS | |
| Uniform Resource Identifier | http://astralebooks.com/ |
| 942 ## - ADDED ENTRY ELEMENTS (KOHA) | |
| Source of classification or shelving scheme | Dewey Decimal Classification |
| Koha item type | e-Books |
| Lost status | Source of classification or shelving scheme | Damaged status | Not for loan | Collection code | Home library | Current library | Shelving location | Date acquired | Total Checkouts | Barcode | Date last seen | Koha item type |
|---|---|---|---|---|---|---|---|---|---|---|---|---|
| Dewey Decimal Classification | eBook | KAU Central Library, Thrissur | KAU Central Library, Thrissur | e-Book | 26/05/2018 | EB688 | 26/05/2018 | e-Books |
